first 10 nfl draft picks 2024 NFL draft - Statistics

General Stats
  • This quiz has been taken 42 times
  • The average score is 5 of 10
Answer Stats
Hint Answer % Correct
#1 caleb williams
100%
#3 drake maye
94%
#5 joe alt
56%
#10 jj mccarthy
53%
#4 Marvin harrison jr
50%
#6 malik nabers
44%
#9 rome odunze
34%
#2 jaden daniel’s
25%
#7 jc lathem
6%
#8 micheal penix jr
6%
No matching quizzes found
Score Distribution
Percent of People with Each Score
Percentile by Number Answered
Your Score History
You have not taken this quiz